Centre for Dispute Resolution (Record no. 119627)
[ view plain ]
| 000 -LEADER | |
|---|---|
| fixed length control field | 01032cam a2200229 4500 |
| 001 - CONTROL NUMBER | |
| control field | WS108119 |
| 008 - FIXED-LENGTH DATA ELEMENTS--GENERAL INFORMATION | |
| fixed length control field | 000000n 000 0 eng u |
| 035 ## - SYSTEM CONTROL NUMBER | |
| System control number | (Sirsi) u108119 |
| 110 ## - MAIN ENTRY--CORPORATE NAME | |
| Corporate name or jurisdiction name as entry element | Centre for Dispute Resolution |
| 9 (RLIN) | 1002 |
| 245 ## - TITLE STATEMENT | |
| Title | Centre for Dispute Resolution |
| 520 ## - SUMMARY, ETC. | |
| Summary, etc. | Site for this organisation which aims 'to facilitate the growth of mediation as the primary tool for third-party dispute resolution'. Includes downloadable publications on mediation and ADR, news pages and looks at cases suitable for mediation. |
| 650 ## - SUBJECT ADDED ENTRY--TOPICAL TERM | |
| Topical term or geographic name entry element | ALTERNATIVE DISPUTE RESOLUTION |
| 650 ## - SUBJECT ADDED ENTRY--TOPICAL TERM | |
| Topical term or geographic name entry element | ALTERNATIVE DISPUTE RESOLUTION |
| 650 ## - SUBJECT ADDED ENTRY--TOPICAL TERM | |
| Topical term or geographic name entry element | MEDIATION |
| 650 ## - SUBJECT ADDED ENTRY--TOPICAL TERM | |
| Topical term or geographic name entry element | Contracts |
| 9 (RLIN) | 6232 |
| 650 ## - SUBJECT ADDED ENTRY--TOPICAL TERM | |
| Topical term or geographic name entry element | MANAGEMENT-DISPUTE AVOIDANCE, MANAGEMENT AND RESOLUTION-DISPUTE MANAGEMENT AND RESOLUTION-ALTERNATIVE DISPUTE RESOLUTION-ADJUDICATION |
| 650 ## - SUBJECT ADDED ENTRY--TOPICAL TERM | |
| Topical term or geographic name entry element | MODEL FORMS |
| 650 ## - SUBJECT ADDED ENTRY--TOPICAL TERM | |
| Topical term or geographic name entry element | CODE OF CONDUCT |
| 690 ## - LOCAL SUBJECT ADDED ENTRY--TOPICAL TERM (OCLC, RLIN) | |
| Topical term or geographic name as entry element | Dispute resolution |
| 9 (RLIN) | 6236 |
| 856 40 - ELECTRONIC LOCATION AND ACCESS | |
| Uniform Resource Identifier | <a href="https://www.cedr.co.uk">https://www.cedr.co.uk</a> |
| Public note | View the website free of charge at www.cedr.co.uk... |
| 942 ## - ADDED ENTRY ELEMENTS (KOHA) | |
| Suppress in OPAC | 0 |
| Withdrawn status | Lost status | Source of classification or shelving scheme | Damaged status | Not for loan | Home library | Current library | Shelving location | Date acquired | Total Checkouts | Full call number | Barcode | Date last seen | Copy number | Price effective from | Koha item type |
|---|---|---|---|---|---|---|---|---|---|---|---|---|---|---|---|
| Dewey Decimal Classification | Virtual | Virtual | Online | 01/09/2000 | WEB SITE | 108119-2001 | 06/08/2019 | 1 | 06/08/2019 | Online material |